Les jumeaux de célébrités - Statistiques

Statistiques générales
  • Ce quiz a été pris 40 fois
  • Le résultat moyen est 2 sur 20
Statistiques - réponses
Hint Explanation Réponse % Correct
Linda HAMILTON Actrice Leslie
27%
Chad ALLEN Acteur Charity
20%
Eva GREEN Actrice Joy
20%
Emmanuel MOIRE Chanteur Nicolas
17%
Willow SHIELDS Actrice Autumn
13%
Alexandra PAUL Actrice Caroline
13%
Renaud SECHAN Chanteur David
13%
Montgomery CLIFT Acteur Ethel
13%
Scarlett JOHANSSON Actrice Hunter
13%
Camille CERF Miss France Mathilde
13%
Vin DIESEL Acteur Paul
13%
Serge GAINSBOURG Chanteur Liliane
10%
Giovanni RIBISI Acteur Marissa
10%
Ashton KUTCHER Producteur Michael
10%
Kiefer SUTHERLAND Acteur Rachel
10%
Aaron CARTER Chanteur Angel
7%
Isabella ROSSELINI Actrice Ingrid
7%
Jason PRIESTLEY Acteur Justine
7%
Justin CHAMBERS Acteur Jason
3%
Alanis MORISSETTE Chanteuse Wade
3%
Aucun quiz correspondant
Distribution des résultats
% des personnes avec chaque résultat
Percentile par nombre de réponses
Votre historique - résultats
Vous n’avez pas pris ce quiz